000 00404nam a2200157Ia 4500
008 240729s9999 xx 000 0 und d
022 _a2673-1924
245 0 _aOceans
260 _aSwitzerland
260 _bMDPI AG
650 _a Oceanography
650 _aGeography. Anthropology. Recreation
856 _uhttps://doaj.org/toc/f65725d02ea0428597f60288b50ab98c
942 _2ddc
942 _cDOAJEJ
999 _c74357
_d74357
945 _a1
_bMadushi Gamage
_c1
_dMadushi Gamage